[Event "Club Championship 2022 A"]
[Site "Wellington Chess Club"]
[Date "2022.12.08"]
[Round "4"]
[White "Dive, Russell"]
[Black "Ker, Anthony"]
[Result "1-0"]
[WhiteElo "2384"]
[BlackElo "2428"]

1. Nf3 c5 2. g3 g6 3. Bg2 Bg7 4. O-O Nc6 5. c4 e5 6. Nc3 Nge7 7. Ne1 d6 8. Nc2
Be6 9. Ne3 Qd7 10. Ned5 Rb8 11. Qa4 O-O 12. a3 a5 13. d3 b6 14. Rb1 Bh3 15.
Nxe7+ Nxe7 16. Qxd7 Bxd7 17. Ne4 Nc8 18. b4 f5 19. Nc3 Ne7 20. Bg5 Kf7 21. bxa5
bxa5 22. Nb5 Ke6 23. a4 h6 24. Bd2 Nc6 25. Bxc6 Bxc6 26. Bxa5 Rb7 27. Nc7+ Kd7
28. Rxb7 Bxb7 29. Bb6 Bf6 30. a5 Bd8 31. Nd5 Bxb6 32. Nxb6+ Kc7 33. f4 e4 34.
Kf2 Bc6 35. Ke3 exd3 36. exd3 Re8+ 37. Kd2 Kb7 38. Re1 Ka6 39. Rxe8 Bxe8 40.
Nc8 Kxa5 41. Kc3 Bd7 42. Nxd6 Kb6 43. Nf7 Be6 44. Ne5 g5 45. d4 gxf4 46. gxf4
cxd4+ 47. Kxd4 Bg8 48. Ng6 Kc7 49. c5 Kd7 50. Ke5 Ba2 51. Nh4 Kc6 52. Nxf5 Kxc5
53. Nxh6 Kc6 54. f5 Kd7 55. Kf6 Ke8 56. Kg7 1-0

[Event "Club Championship 2022 A"]
[Site "Wellington Chess Club"]
[Date "2022.12.08"]
[Round "9"]
[White "Forster, Bill"]
[Black "Archer, Ollie"]
[Result "1-0"]
[WhiteElo "2035"]
[BlackElo "2184"]

1. e4 c6 2. Nf3 d5 3. Nc3 Bg4 4. Be2 Nf6 5. e5 Nfd7 6. d4 e6 7. O-O c5 8. Ng5
Bxe2 9. Nxe2 Be7 10. f4 Bxg5 11. fxg5 cxd4 12. Nxd4 Nxe5 13. Kh1 O-O 14. Qe2
Nbc6 15. Be3 Nxd4 16. Bxd4 Nc6 17. Bc5 Re8 18. Qh5 g6 19. Qh6 Qc7 20. Rf3 b6
21. Ba3 Ne5 22. Rh3 f5 23. gxf6 Qf7 24. Rf1 Rac8 25. c3 Nc4 26. Bb4 Nxb2 27.
Rff3 Rc7 28. Be7 Nc4 29. Qg5 Rd7 30. Rxh7 Qxh7 31. f7+ Qxf7 32. Rxf7 Kxf7 33.
Qf6+ Kg8 34. Qxg6+ Kh8 35. Bf6+ 1-0

[Event "Club Championship 2022 A"]
[Site "Wellington Chess Club"]
[Date "2022.12.08"]
[Round "4"]
[White "Tanoi, T Edward"]
[Black "Cilia Vincenti, David"]
[Result "1-0"]
[WhiteElo "1984"]
[BlackElo "2125"]

1. e4 c5 2. Nf3 e6 3. d4 cxd4 4. Nxd4 Nf6 5. Nc3 Nc6 6. Be3 Bb4 7. Bd3 d5 8.
Nxc6 bxc6 9. exd5 cxd5 10. O-O O-O 11. Bd4 Bd6 12. Re1 Re8 13. Bxf6 gxf6 14.
Qg4+ Kh8 15. Bxh7 f5 16. Qh5 Kg7 17. Bxf5 exf5 18. Rxe8 Qxe8 19. Qg5+ Kh7 20.
Nxd5 Bxh2+ (20... Be5 21. Re1 f6 22. Rxe5 $18) 21. Kxh2 Qe5+ 22. Nf4 f6 23.
Qg6+ Kh8 24. Kg3 1-0

[Event "Club Championship 2022 B"]
[Site "Wellington Chess Club"]
[Date "2022.12.08"]
[Round "6"]
[White "Rossiter, Philip"]
[Black "Winsley, Nicholas"]
[Result "1-0"]
[WhiteElo "1839"]
[BlackElo "1943"]

1. Nf3 Nf6 2. c4 c5 3. Nc3 Nc6 4. g3 d6 5. Bg2 Bf5 6. O-O e6 7. d4 Qd7 8. Re1
Be7 9. e4 Bg4 10. d5 exd5 11. exd5 Nd4 12. Be3 Nxf3+ 13. Bxf3 Bxf3 14. Qxf3 O-O
15. a4 Ng4 16. Bf4 f5 17. Qe2 Rfe8 18. Qe6+ Qxe6 19. Rxe6 1-0

[Event "Club Championship 2022 A"]
[Site "Wellington Chess Club"]
[Date "2022.12.15"]
[Round "2"]
[White "Dive, Russell"]
[Black "Winter, Ryan"]
[Result "1-0"]
[WhiteElo "2384"]
[BlackElo "2195"]

1. Nf3 d5 2. c4 e6 3. g3 Nf6 4. Bg2 d4 5. O-O Be7 6. e3 c5 7. b4 dxe3 8. fxe3
cxb4 9. d4 O-O 10. a3 bxa3 11. Bxa3 Nc6 12. Nc3 Bxa3 13. Rxa3 e5 14. d5 Nb8 15.
Nb5 Bg4 16. Qa1 Bxf3 17. Bxf3 a6 18. Rb1 e4 19. Bg2 Nbd7 20. Nd6 Qc7 21. Nxe4
Nxe4 22. Bxe4 Qxc4 23. Bg2 Qc7 24. Rc3 Qb8 25. Qa3 b5 26. d6 Ra7 27. Rc6 Ne5
28. Qc5 Nxc6 29. Bxc6 Rd8 30. Rd1 g6 31. e4 a5 32. Kg2 Ra6 33. Qd5 Qc8 34. Rf1
Qe6 35. Qxb5 Rxc6 36. Qxc6 Rxd6 37. Qa8+ Kg7 38. Rf2 Rc6 39. Qb7 Rb6 40. Rxf7+
Qxf7 41. Qxb6 Qa2+ 42. Kh3 a4 43. e5 a3 44. Qf6+ Kg8 45. e6 h5 46. Qxg6+ Kh8
47. e7 1-0

[Event "Club Championship 2022 B"]
[Site "Wellington Chess Club"]
[Date "2022.12.15"]
[Round "3"]
[White "Malcolm, Leo"]
[Black "Rossiter, Philip"]
[Result "1-0"]
[WhiteElo "1871"]
[BlackElo "1839"]

1. d4 Nf6 2. g4 e6 3. g5 Nd5 4. e4 Nb6 5. Bd3 Be7 6. Qh5 g6 7. Qg4 c5 8. c3 Nc6
9. h4 cxd4 10. f4 Qc7 11. h5 dxc3 12. hxg6 fxg6 13. bxc3 Nb4 14. Be2 d5 15. Bb2
Nc2+ 16. Kd2 Nxa1 17. Nf3 Nc4+ 18. Bxc4 Qxc4 19. Ne5 Qxe4 20. Rc1 Rf8 21. Nd3
Rf5 22. Na3 Bxg5 23. Rxa1 Bxf4+ 24. Kc2 Qa4+ 25. Kb1 Qe4 26. Kc2 Rg5 27. Qxf4
Rg2+ 28. Kb3 Bd7 29. Qxe4 dxe4 30. Ne5 Ke7 31. Nac4 Bc6 32. Rf1 Re8 33. Rf7+
Kd8 34. Ba3 Bd5 35. Bd6 b5 36. Rd7+ (36. Nc6+ $1 Bxc6 37. Bc7+ Kc8 38. Nd6#) 
36... Kc8 37. Rc7+ Kb8 38. Re7+ Ka8 39. Rxe8+ Kb7 40. Kb4 bxc4 41. a4 a6 42.
Ka5 Ra2 43. Rb8+ Ka7 44. Nd7 1-0